000 00559nam a2200205Ia 4500
008 170918s9999 xx 000 0 und d
020 _a9780545126694
050 _bB879 2007
100 _aBrown, Rachel W. N.
245 _aFollow the star /
245 _cRachel W. N. Brown ; illustrated by Giuliano Ferri.
260 _aNew York :
260 _bScholastic,
260 _c2007
300 _aunpaged :
300 _bcolored illustration ;
300 _c26cm.
440 _aOriginally published as Small carmel follows the star.
500 _a580
999 _c342549
_d342549